000 01054nam a2200313 i 4500
001 88855
003 ES-MaACL
005 20230906175943.0
007 t|
008 041223s1986 sp ||||1| spa d
020 _a84-206-6514-2
080 _a159.922.2
080 _a159.942
100 1 _aDunn, Judy.
_946057
245 1 0 _aHermanos y hermanas
_b: amor, envidia y comprensión /
_cJudy Dunn y Carol Kendrick ; versión española de Cristina del Barrio, Begoña del Barrio y Bárbara Slobodziaanek.
260 _aMadrid :
_bAlianza Editorial,
_c[1986]
300 _a228 p. :
_bgraf. ;
_c23 cm.
490 1 _aAlianza psicología ;
_v14
504 _aBibliografía: p. 217-[224]
650 1 4 _aHermanos.
_913328
650 1 4 _aPadres e hijos.
_915785
700 1 _aKendrick, Carol.
_967828
700 1 _aBarrio, Cristina del.
_925992
700 1 _aBarrio, Begoña del.
_925991
700 1 _aSlobodziaanek, Bárbara.
_9106789
830 0 _aAlianza psicología ;
_v14
_9178168
852 _aES-MaACL
_jE-10693
_bR.134870
999 _c88855
_d88855